| 000 | 01377nam a2200361 a 4500 | ||
|---|---|---|---|
| 001 | ebr10002893 | ||
| 003 | CaPaEBR | ||
| 006 | m u | ||
| 007 | cr cn||||||||| | ||
| 008 | 980224s1998 nyu sb 001 0 eng | ||
| 010 | _z 98014284 | ||
| 020 | _z0387948392 (alk. paper) | ||
| 040 |
_aCaPaEBR _cCaPaEBR |
||
| 035 | _a(OCoLC)55050790 | ||
| 050 | 1 | 4 |
_aHF5691 _b.K3382 1998eb |
| 082 | 0 | 4 |
_a650/.01/513 _221 |
| 100 | 1 | _aKaratzas, Ioannis. | |
| 245 | 1 | 0 |
_aMethods of mathematical finance _h[electronic resource] / _cIoannis Karatzas, Steven E. Shreve. |
| 260 |
_aNew York : _bSpringer, _cc1998. |
||
| 300 | _axv, 407 p. | ||
| 490 | 1 |
_aApplications of mathematics ; _v39 |
|
| 504 | _aIncludes bibliographical references ([371]-402) and index. | ||
| 533 |
_aElectronic reproduction. _bPalo Alto, Calif. : _cebrary, _d2013. _nAvailable via World Wide Web. _nAccess may be limited to ebrary affiliated libraries. |
||
| 650 | 0 | _aBusiness mathematics. | |
| 650 | 0 |
_aFinance _xMathematical models. |
|
| 650 | 0 | _aBrownian motion processes. | |
| 650 | 0 | _aContingent valuation. | |
| 655 | 7 |
_aElectronic books. _2local |
|
| 700 | 1 | _aShreve, Steven E. | |
| 710 | 2 | _aebrary, Inc. | |
| 830 | 0 |
_aApplications of mathematics ; _v39. |
|
| 856 | 4 | 0 |
_uhttp://site.ebrary.com/lib/rucke/Doc?id=10002893 _zAn electronic book accessible through the World Wide Web; click to view |
| 999 |
_c3097 _d3097 |
||